日本自動車工業会会員企業 - Statistics

General Stats
  • This quiz has been taken 41 times
  • The average score is 10 of 14
Answer Stats
Answer % Correct
トヨタ自動車株式会社
100%
日産自動車株式会社
94%
本田技研工業株式会社
94%
ダイハツ工業株式会社
90%
三菱自動車工業株式会社
84%
株式会社SUBARU
84%
いすゞ自動車株式会社
81%
スズキ株式会社
81%
日野自動車株式会社
81%
マツダ株式会社
81%
三菱ふそうトラック・バス株式会社
48%
ヤマハ発動機株式会社
42%
カワサキモータース株式会社
35%
UDトラックス株式会社
13%
No matching quizzes found
Score Distribution
Percent of People with Each Score
Percentile by Number Answered
Your Score History
You have not taken this quiz